000
00273nam a22001217a 4500
008
170322b xxu||||| |||| 00| 0 eng d
041
_a
alb
080
_a
616.8
100
_a
7
101
_a
SHM
245
_a
GODITJET NE KOKE DHE PASOJAT E TYRE
_c
FURXHI, S
942
_2
udc
_c
BK
999
_c
8387
_d
8387